<?xml version="1.0" encoding="UTF-8"?>
<collection xmlns="http://www.loc.gov/MARC21/slim">
<record>
  <controlfield tag="001">169533</controlfield>
  <controlfield tag="005">20260304131015.0</controlfield>
  <datafield tag="037" ind1=" " ind2=" ">
    <subfield code="a">TAZ-TFM-2025-1687</subfield>
  </datafield>
  <datafield tag="041" ind1=" " ind2=" ">
    <subfield code="a">spa</subfield>
  </datafield>
  <datafield tag="100" ind1="1" ind2=" ">
    <subfield code="a">Reyes Ruiz, Enrique</subfield>
  </datafield>
  <datafield tag="242" ind1="0" ind2="0">
    <subfield code="a">Impact of innovation, technology, and artificial intelligence on mental health emergency care in the gerontological population. A systematic review.</subfield>
  </datafield>
  <datafield tag="245" ind1="0" ind2="0">
    <subfield code="a">Impacto de la innovación, la tecnología y la inteligencia artificial en la atención de urgencias y emergencias de salud mental en población gerontológica. Una revisión sistemática.</subfield>
  </datafield>
  <datafield tag="260" ind1=" " ind2=" ">
    <subfield code="a">Zaragoza</subfield>
    <subfield code="b">Universidad de Zaragoza</subfield>
    <subfield code="c">2025</subfield>
  </datafield>
  <datafield tag="506" ind1=" " ind2=" ">
    <subfield code="a">by-nc-sa</subfield>
    <subfield code="b">Creative Commons</subfield>
    <subfield code="c">3.0</subfield>
    <subfield code="u">http://creativecommons.org/licenses/by-nc-sa/3.0/</subfield>
  </datafield>
  <datafield tag="520" ind1=" " ind2=" ">
    <subfield code="a">El presente estudio constituye una revisión sistemática cuyo objetivo general fue analizar el impacto de la innovación tecnológica y la inteligencia artificial (IA) en la atención de urgencias y emergencias de salud mental en población gerontológica, evaluando su efectividad clínica, viabilidad ética y contribución a una atención más humanizada. La revisión se desarrolló conforme a las directrices PRISMA, garantizando un proceso riguroso de identificación, cribado, elegibilidad e inclusión de estudios. Se incluyeron investigaciones publicadas entre 2015 y 2025. La población de análisis estuvo conformada por estudios empíricos, ensayos clínicos, metaanálisis y revisiones que evaluaran telepsiquiatría, teleasistencia, chatbots, modelos predictivos y sistemas de IA en el manejo de crisis, urgencias psiquiátricas o deterioro emocional en personas mayores. Tras aplicar los criterios de selección, se incluyeron 20 estudios para su revisión. Los resultados muestran que la telepsiquiatría y la teleasistencia son las tecnologías con mayor evidencia de beneficio clínico, demostrando reducciones significativas en síntomas depresivos y ansiosos. En el contexto específico de urgencias, algunos estudios reportan disminuciones en los tiempos de espera y en las tasas de ingreso, mientras que los sistemas de IA exhiben potencial predictivo para fragilidad, deterioro cognitivo y riesgo clínico, aunque su aplicabilidad inmediata se ve limitada por problemas de sesgo y falta de validación externa. Se concluye que la tecnología digital representa una herramienta prometedora para optimizar la atención en salud mental geriátrica; sin embargo, su implementación debe avanzar con un enfoque ético, inclusivo y centrado en la persona mayor.&lt;br />&lt;br /></subfield>
  </datafield>
  <datafield tag="521" ind1=" " ind2=" ">
    <subfield code="a">Máster Universitario en Gerontología Social</subfield>
  </datafield>
  <datafield tag="540" ind1=" " ind2=" ">
    <subfield code="a">Derechos regulados por licencia Creative Commons</subfield>
  </datafield>
  <datafield tag="856" ind1="0" ind2=" ">
    <subfield code="f">647571@unizar.es</subfield>
  </datafield>
  <datafield tag="856" ind1="4" ind2=" ">
    <subfield code="s">646528</subfield>
    <subfield code="u">http://zaguan.unizar.es/record/169533/files/TAZ-TFM-2025-1687.pdf</subfield>
    <subfield code="y">Memoria (spa)</subfield>
  </datafield>
  <datafield tag="909" ind1="C" ind2="O">
    <subfield code="o">oai:zaguan.unizar.es:169533</subfield>
    <subfield code="p">driver</subfield>
    <subfield code="p">trabajos-fin-master</subfield>
  </datafield>
  <datafield tag="950" ind1=" " ind2=" ">
    <subfield code="a"></subfield>
  </datafield>
  <datafield tag="691" ind1=" " ind2=" ">
    <subfield code="a">3</subfield>
  </datafield>
  <datafield tag="692" ind1=" " ind2=" ">
    <subfield code="a">Cómo las nuevas tecnologías y la inteligencia artificial pueden y/o podrían mejorar de alguna manera la salud y el bienestar de la población, sobre todo en el ámbito de la salud mental y las urgencias en personas mayores, aunque dejando un enorme campo de estudio abierto a la mejora en muchos más ámbitos relacionados con dichas innovaciones.</subfield>
  </datafield>
  <datafield tag="700" ind1=" " ind2=" ">
    <subfield code="a">Echániz Serrano, Emmanuel</subfield>
    <subfield code="e">dir.</subfield>
  </datafield>
  <datafield tag="710" ind1="2" ind2=" ">
    <subfield code="a">Universidad de Zaragoza</subfield>
    <subfield code="b">Fisiatría y Enfermería</subfield>
    <subfield code="c">Enfermería</subfield>
  </datafield>
  <datafield tag="980" ind1=" " ind2=" ">
    <subfield code="a">TAZ</subfield>
    <subfield code="b">TFM</subfield>
    <subfield code="c">EUCS</subfield>
  </datafield>
  <datafield tag="999" ind1=" " ind2=" ">
    <subfield code="a">20251127161203.CREATION_DATE</subfield>
  </datafield>
  <datafield tag="951" ind1=" " ind2=" ">
    <subfield code="a">deposita:2026-03-04</subfield>
  </datafield>
</record>
</collection>